The oil & gas year: Nigeria 2016 (Record no. 38727)

MARC details
000 -LEADER
fixed length control field 00467nam a2200169Ia 4500
022 ## - INTERNATIONAL STANDARD SERIAL NUMBER
ISSN 9781783021383
050 ## - CALL MARK
Classification number HD 9578.R9 .O35/
245 #4 - TITLE STATEMENT
Title The oil & gas year: Nigeria 2016
260 ## - PUBLICATION, DISTRIBUTION, ETC. (IMPRINT)
Place of publication Nigeria
260 ## - PUBLICATION, DISTRIBUTION, ETC. (IMPRINT)
Name of publisher Amni international petroleum development company Ltd.
260 ## - PUBLICATION, DISTRIBUTION, ETC. (IMPRINT)
Year of publication 2016
300 ## - PHYSICAL DESCRIPTION
Number of Pages 184 p. :ill. ; 29 cm.
650 ## - SUBJECT ADDED ENTRY--TOPICAL TERM
Topical Term Petroleum industry and trade.
942 ## - ADDED ENTRY ELEMENTS (KOHA)
Koha item type Serials

No items available.